Fyzika 1

Bibliographic Details
Main Author: Krupka, František, 1920-1988 (Author)
Format: Book
Language:Undetermined
PhysicalDescription:218 s.
Published: Praha ČVUT 1981

MARC

LEADER 00000nam a2200000 a 4500
001 vtls001265446
003 SK-MaSNL
005 20260301234549.0
008 240315s1981 xx 0 und
035 |a SNK000216372 
040 |a SNK  |b slo  |c SNK  |e AACR2 
100 1 |a Krupka, František,  |d 1920-1988  |4 aut  |9 99888 
245 1 |a Fyzika 1 
260 |a Praha  |b ČVUT  |c 1981 
300 |a 218 s. 
958 |a OND 
999 |c 970666  |d 972596 
952 |t P60, <04>, [BOOK], {604}  |a SNK  |b SNK  |y VYP  |7 0  |p 17A0018343  |o snkIB 46489/1 D1  |0 0  |1 1  |4 0  |d 1996-11-07  |l 0  |r 2005-01-01 00:00:00  |w 2026-02-24 
952 |t P60, <04>, [BOOK], {604}  |a SNK  |b SNK  |y VYP  |7 0  |p 17A0020276  |o snkIB 46489/1  |0 0  |1 0  |4 0  |d 1996-11-22  |l 0  |r 2005-01-01 00:00:00  |w 2026-02-24